00493nam a2200157Ia 450000500170000000800410001708200170005810000150007524500530009026000350014330000120017850000250019094200060021595200990022199900150032020250707031801.0240331s9999 xx 000 0 und d a302.234bSIV aSivakumar, 0aUdalie thiraiyaha :bthakaval thodarpu udaakanal aBanglorebLuxmi Sundaramc1995 a148 p., aEssays on mass media cL 001040708LaWERCLbWERCLcSSCd2024-03-31l0o 302.234 SIVp2244r2024-03-31w2024-03-31yL c1273d1273